000 00308 a2200145 4500
001 177634
020 _a
040 _cMagnum
100 _aEdelbra
240 1 0 _aMacaquinho traquinas
_lSEM
245 1 0 _aMacaquinho traquinas
362 0 _a1899
697 _aMAGNITO: MAGNITO SEM ÁREA E AS
942 _cBK
999 _c177634
_d177634